000
00307nam a2200109Ia 4500
008
201224s9999 xx 000 0 und d
100
_a
Frank, Harry and Althoen, Steven C.
245
0
_a
Statistics : Concepts and Applications
260
_a
Cambridge
_b
Cambridge University Press
300
_a
853
942
_c
BK
999
_c
9003
_d
9003